000 00844cam a22002411 4500
001 000018016
005 20200929165322.0
008 730213s1966 ctu b 000 0 spa d
040 _aDO-SdBNP
_bspa
_cLC
_dBNPHU
082 _a920
_bA668L
100 1 _aArce de Vazquez, Margot
_98026
245 1 0 _aLecturas puertorriqueñas :
_bprosa /
_cMargot Arce de Vázquez y Mariana Robles de Cardona.
260 _aSharon, Conn. :
_bTroutman Press,
_c1966.
300 _axvii, 424 p. ;
_c23 cm.
490 1 _aPuerto Rico: realidad y anhelo,
_v2
504 _aBibliografía: p. [423]-424.
650 4 _aAutores puertorriqueños
_xBiografias
_939062
650 0 _aProsa puertorriqueña
_939063
700 1 _aRobles de Cardona, Mariana,
_921431
830 0 _aPuerto Rico: realidad y anhelo,
_v2
_94001
910 _aCatalogación derivada
049 _aBNGR
999 _c17538
_d17538